zpět

Detail výsledku týmu

U Káňů, Ostrava

Datum a čas kvízu

21 Celkem bodů Celkový počet nahraných bodů na tomto kvízu bez doplňovacích otázek.
4. Pořadí na kvízu Konečné umístění týmu na tomto kvízu.

Zaznamenané odpovědi

# Otázka Odpověď Body Výsledky
1. Někdejší předseda Nejvyššího s... 0
2. Bývalý ukrajinský prezident by... 0
3. Minulou středu byla ve Valašsk... 0
4. Třemi podpisy stvrdili zástupc... 0
5. Jak se jmenuje česká biatlonis... 1
21. Nejdelší had na světě chovaný... 1
22. Přiřaďte k sobě rodová a druho... 0
23. Od želv se můžeme dostat ke Ga... 0
24. Jak se nazývá tento živočich?... 0
25. Kteří dva herci ztvárnili dvě... 1